| 000 | 01198nam a22002777a 4500 | ||
|---|---|---|---|
| 999 |
_c63803 _d63803 |
||
| 005 | 20240530110659.0 | ||
| 008 | 171225s2015 ua a g b 000 0dara d | ||
| 017 |
_a2015/10318 _bمصر. دار الكتب |
||
| 020 | _a9789779202853 | ||
| 040 |
_aEG-CaGPL _cEG-CaGPL |
||
| 082 | 0 | 4 |
_221 _a808.0669\ _bن م |
| 100 | 1 | _aنف ، ايمرى | |
| 245 | 1 | 2 |
_aالمؤرخون وروح الشعر / _cتأليف ايمرى نف ؛ ترجمة توفيق اسكندر ؛ مراجعة وتقديم محمد شفيق غربال ؛ تقديم هذة الطبعة احمد زكريا الشلق . |
| 250 | _aط.1 | ||
| 260 |
_aالقاهرة : _bالمركز القومى للترجمة ، _c2015 . |
||
| 300 |
_a282 ص. ؛ _c24 سم. |
||
| 490 |
_aالمركز القومى للترجمة : سلسلة ميراث الترجمة ؛ _v2495 |
||
| 650 | 0 | 7 |
_2qrmak _aالادب |
| 650 | 0 | 7 |
_2qrmak _aالشعر _xتاريخ ونقد |
| 651 | _2qrmak | ||
| 700 | 0 |
_aمحمد شفيق غربال _eمراجع ومقدم |
|
| 700 | 0 |
_aتوفيق اسكندر _eمترجم |
|
| 700 | 0 |
_aاحمد زكريا الشلق _eمقدم |
|
| 942 |
_2ddc _cBK |
||